000 00340nam a2200133Ia 4500
008 240624s9999 xx 000 0 und d
041 _aeng
082 _a343.0999 PRA
100 _aPRASAD R S
245 _aCYBER CRIME COMBAT STRATEGIES
260 _c2004
_aHyderabad
_bICFAI press
300 _aviii, : 203 : p. : cm. ; 23
365 _cRS
_b50
999 _c6438
_d6438